LIBRARY & INFORMATION CENTRE, KCAET, TAVANUR

ONLINE PUBLIC ACCESS CATALOGUE (OPAC)

Energy resources / (Record no. 7415)

MARC details
000 -LEADER
fixed length control field 00481cam a2200193ua 4500
003 - CONTROL NUMBER IDENTIFIER
control field OSt
008 - FIXED-LENGTH DATA ELEMENTS--GENERAL INFORMATION
fixed length control field 241101b |||||||| |||| 00| 0 eng d
020 ## - INTERNATIONAL STANDARD BOOK NUMBER
ISBN 0-7131-3486-0
041 ## - LANGUAGE CODE
Language code of text/sound track or separate title eng
082 ## - DEWEY DECIMAL CLASSIFICATION NUMBER
Classification number 621.7
Item number MCM/EN
100 ## - MAIN ENTRY--AUTHOR NAME
Personal name McMullan, J T .
245 ## - TITLE STATEMENT
Title Energy resources /
250 ## - EDITION STATEMENT
Edition statement 2 /
260 ## - PUBLICATION, DISTRIBUTION, ETC. (IMPRINT)
Place of publication London :
Name of publisher Edward Arnold Publications Ltd ,
Year of publication 1983.
300 ## - PHYSICAL DESCRIPTION
Number of Pages 191 ; .
700 1# - ADDED ENTRY--PERSONAL NAME
Personal name Morgan, R .
700 1# - ADDED ENTRY--PERSONAL NAME
Personal name Murray, R B .
942 ## - ADDED ENTRY ELEMENTS (KOHA)
Koha item type Books
Holdings
Withdrawn status Lost status Damaged status Home library Current library Shelving location Date acquired Full call number Accession Number Koha item type
      KAUAET KAUAET Shelf- 7A 09/03/1987 621.47 MCM/EN 15995 Books
free website counter